000 00547nam a22001817a 4500
003 OSt
005 20260115055358.0
008 260115b |||||||| |||| 00| 0 eng d
020 _a1-582796343.
040 _aDWCL-,Main lib
_cOC
082 _22005 edition
_aCirc. 616.3 Ov96 2005
245 _aOvercoming digestive problems
260 _aUSA :
_bTrident Reference Publishing,
_cc2005.
300 _a63 pages :
_bcolored illustrations ;
_c27 cm.
650 _21. Digestion.
650 _22. Indigestion.
942 _2ddc
_cBK-CIRC
_e2005 ed.
_kCirc.
_n0
999 _c7431
_d7431